| 000 | 00568nam a2200205 i 4500 | ||
|---|---|---|---|
| 001 | 150666 | ||
| 003 | ES-MaACL | ||
| 005 | 20250704062529.0 | ||
| 007 | t| | ||
| 008 | 071105s1847 fr ||||1| fre d | ||
| 100 | 1 |
_aDumas, Alexandre, _d1802-1870 _eaut _9241135 |
|
| 245 | 1 | 0 |
_aNanon; or, Women's War. / _cby Alexandre Dumas. |
| 260 |
_aLondon : _bHodgson, _c[1857] |
||
| 300 |
_a316 p. ; _c17 cm. |
||
| 490 | 1 | _aThe Parlour library | |
| 830 | 0 |
_aThe Parlour library _9233404 |
|
| 852 |
_aES-MaACL _jD-1083 |
||
| 942 | _2udc | ||
| 999 |
_c150666 _d150666 |
||